Score 0/10 Timer 01:00
0 Plays Today
Clue 4-Letter Word % Correct
HBO's 'Six ___ Under'FEET
98.9%
At no costFREE
96.6%
Become worried; part of a guitarFRET
93.6%
The material lining a pool tableFELT
90.9%
'A ___ Grows in Brooklyn'TREE
90.1%
Second word in an 2010 Academy Award-nominated western with Jeff BridgesGRIT
57.5%
First word in an 1969 Academy Award-nominated western with John WayneTRUE
56.5%
Pace, canter, trot, or walk, e.g.GAIT
50.1%
Hannukah moneyGELT
48.2%
Main character John in 'Atlas Shrugged'GALT
38.3%

Today's Daily Dose

Remove Ads.
Support Sporcle.
Get the best of Sporcle when you Go Orange. This ad-free experience offers more features, more stats, and more fun while also helping to support Sporcle. Thank you for becoming a member.

You're not logged in!

Compare scores with friends on all Sporcle quizzes.
OR
Log In

Show Comments

Extras

Top Quizzes Today


Score Distribution

Your Account Isn't Verified!

In order to create a playlist on Sporcle, you need to verify the email address you used during registration. Go to your Sporcle Settings to finish the process.

Report this User

Report this user for behavior that violates our Community Guidelines.

Details: